| 000 | 01104aab a2200193 i 4500 | ||
|---|---|---|---|
| 001 | 768714001 | ||
| 003 | CO-MdFUSB | ||
| 005 | 20240422095024.0 | ||
| 008 | 240415t1982 ag ||||| |||| 00| 0 spa d | ||
| 040 |
_bspa _cCO-MdFUSB |
||
| 041 | _aspa | ||
| 100 | 1 |
_aRamírez, Eduardo M. _eautor |
|
| 245 |
_aCelebremos al Señor _c/ Eduardo M. Ramírez |
||
| 300 |
_aVolumen 1, número 2, (julio - septiembre, 1982), páginas: 31 - 32 _c; 27 cm |
||
| 520 | _aLa directiva inicial nos ordena hacer de Dios nuestra máxima prioridad. Esto se puede hacer a través de la oración, los cantos, la lectura de la Biblia o las actividades diarias de los hijos de Dios.Dios es naturalmente adorado a través de diversos medios, que juntos crean una celebración. Aquí el culto tiene un lugar privilegiado. "Celebración" tiene un significado más amplio que "adoración". Es un conjunto de actividades a través de las cuales se adora a Dios. | ||
| 650 | 7 |
_aLiturgia _9206 |
|
| 773 | 0 |
_tIglesia y Misión _049402 _959626 _gVolumen 1, número 2, (julio - septiembre, 1982), páginas: 31 - 32 _qpágina: 31 |
|
| 942 | _cANA | ||
| 999 |
_c51292 _d51292 |
||